Problemas campesinos de la revolución, 1789-1848 / (Record no. 172105)

MARC details
000 -LEADER
campo de control de longitud fija 00858nam a2200241 i 4500
001 - NÚMERO DE CONTROL
campo de control 172105
003 - IDENTIFICADOR DE NÚMERO DE CONTROL
campo de control ES-MaACL
005 - FECHA Y HORA DE LA ÚLTIMA TRANSACCIÓN
campo de control 20230906214822.0
008 - DATOS DE LONGITUD FIJA--INFORMACIÓN GENERAL
campo de control de longitud fija 090615s1980 sp |||| | spa d
080 ## - NÚMERO DE LA CLASIFICACIÓN DECIMAL UNIVERSAL
Número de la Clasificación Decimal Universal 308(44)"1789/99"
080 ## - NÚMERO DE LA CLASIFICACIÓN DECIMAL UNIVERSAL
Número de la Clasificación Decimal Universal 323.27(44)"17/18":323.333
080 ## - NÚMERO DE LA CLASIFICACIÓN DECIMAL UNIVERSAL
Número de la Clasificación Decimal Universal 323.27"17/18":323.333
100 1# - ENTRADA PRINCIPAL--NOMBRE DE PERSONA
Nombre de persona Soboul, Albert.
9 (RLIN) 106991
245 10 - MENCIÓN DEL TÍTULO
Título Problemas campesinos de la revolución, 1789-1848 /
Mención de responsabilidad, etc. por Albert Soboul ; [traducción de Pilar López Máñez].
250 ## - MENCION DE EDICION
Mención de edición 1ª ed. en castellano.
260 ## - PUBLICACIÓN, DISTRIBUCIÓN, ETC.
Lugar de publicación, distribución, etc. [Madrid] :
Nombre del editor, distribuidor, etc. Siglo XXI de España,
Fecha de publicación, distribución, etc. 1980.
300 ## - DESCRIPCIÓN FÍSICA
Extensión 279 p. ;
Dimensiones 21 cm.
650 14 - PUNTO DE ACCESO ADICIONAL DE MATERIA--TÉRMINO DE MATERIA
Término de materia o nombre geográfico como elemento de entrada Revueltas campesinas-
Subdivisión geográfica Francia-
Subdivisión de forma Historia.
9 (RLIN) 140683
650 #4 - PUNTO DE ACCESO ADICIONAL DE MATERIA--TÉRMINO DE MATERIA
Término de materia o nombre geográfico como elemento de entrada Revueltas campesinas-
Subdivisión de forma Historia.
9 (RLIN) 140684
651 #4 - PUNTO DE ACCESO ADICIONAL DE MATERIA--NOMBRE GEOGRÁFICO
Nombre geográfico Francia-
Subdivisión general Situación social-
Subdivisión cronológica S.XVIII.
9 (RLIN) 8719
700 1# - ENTRADA AGREGADA--NOMBRE PERSONAL
Nombre de persona López Máñez, Pilar.
9 (RLIN) 73746
852 ## - LOCALIZACIÓN
Ubicación ES-MaACL
Número de control de estantería C-34403
Holdings
Estatus retirado Estado de pérdida Estado de daño No para préstamo Biblioteca de origen Biblioteca actual Ubicación en estantería Fecha de adquisición Fuente de adquisición Total de préstamos Signatura topográfica completa Código de barras Visto por última vez Precio de reemplazo Tipo de ítem Koha
        Biblioteca del Ateneo de Madrid Biblioteca del Ateneo de Madrid Depósito 2 15/06/2009     C-34403 1180612 23/02/2023 23/02/2023 Libro impreso